Protection of the environment: the fight against pollution (Record no. 414146)

000 -LEADER
fixed length control field 00474cam a22001337a 4500
008 - FIXED-LENGTH DATA ELEMENTS--GENERAL INFORMATION
fixed length control field 180718b1972 xxu||||| |||| 00| 0 eng d
082 ## - DEWEY DECIMAL CLASSIFICATION NUMBER
Classification number X9 Un3
245 ## - TITLE STATEMENT
Title Protection of the environment: the fight against pollution
Statement of responsibility, etc. by Her Majesty's Stationery Office
260 ## - PUBLICATION, DISTRIBUTION, ETC.
Place of publication, distribution, etc. London
Name of publisher, distributor, etc. Her Majesty's Stationery Office
Date of publication, distribution, etc. 1972
300 ## - PHYSICAL DESCRIPTION
Extent 28p
650 ## - SUBJECT ADDED ENTRY--TOPICAL TERM
Topical term or geographic name entry element Pollution --Great Britain.
650 ## - SUBJECT ADDED ENTRY--TOPICAL TERM
Topical term or geographic name entry element Environmental policy --Great Britain
700 ## - ADDED ENTRY--PERSONAL NAME
Personal name U.K. Her Majesty's Stationery Office
Holdings
Withdrawn status Lost status Damaged status Not for loan Permanent Location Current Location Date acquired Full call number Barcode Date last seen Price effective from Koha item type
        Indian Institute of Public Administration Indian Institute of Public Administration 2009-03-02 X9x42 Un3 70 U181 2018-07-21 2018-07-21 U
        Indian Institute of Public Administration Indian Institute of Public Administration 2009-02-23 X9 Un3 DA4264 2018-07-21 2018-07-21 DA

Powered by Koha